000 00527nam a2200169Ia 4500
999 _c19257
_d19257
003 OSt
005 20200630095548.0
008 190216s9999||||xx |||||||||||||| ||und||
040 _coclc
082 _a934
_bTHA/F
100 _aThapliyal, Uma Prasad
_93333
245 0 _aForeign Elements In Ancient Indian Society /
_cUma Prasad Thapliyal
260 _bMunshiram Manoharlal Pub Pvt Ltd,
_c1979.
_aNew Delhi:
300 _a194p
650 _aAncient History
942 _cBK
_2ddc
_h934
_iTHA/F
_k934
_mTHA/F